000 00661nam a2200205 i 4500
001 30374
003 ES-MaACL
005 20230906154201.0
007 t|
008 030124s1971 sp ||||1| spa d
100 1 _aBarraud, H. J.
_925865
245 1 0 _aCiencia y filosofía
_b: ensayo /
_cH. J. Barraud ; versión de Francisco Béjar Hurtado.
260 _a[Madrid] :
_bGredos,
_c[1971]
300 _a467 p. ;
_c20 cm.
490 1 _aBiblioteca hispánica de filosofía ;
_v69
700 1 _aBéjar Hurtado, Francisco.
_927087
830 0 _aBiblioteca hispánica de filosofía ;
_v69
_9181000
852 _aES-MaACL
_jC-39931
_bR.77520
999 _c30374
_d30374